Villes françaises à partir d’un quartier - Statistiques

Statistiques générales
  • Ce quiz a été pris 46 fois
  • Le résultat moyen est 7 sur 12
Statistiques - réponses
Quartier Ville % Correct
Le Marais Paris
98%
La Croix-Rousse Lyon
91%
Le Panier Marseille
89%
Wazemmes Lille
80%
La Petite France Strasbourg
73%
Antigone Montpellier
64%
Les Chartrons Bordeaux
58%
L'Ariane Nice
53%
La Toison-d'Or Dijon
38%
Dollemard Le Havre
24%
Les Couronneries Poitiers
18%
Casone Ajaccio
16%
Aucun quiz correspondant
Distribution des résultats
% des personnes avec chaque résultat
Percentile par nombre de réponses
Votre historique - résultats
Vous n’avez pas pris ce quiz